<?xml version="1.0" encoding="UTF-8"?>
<collection xmlns="http://www.loc.gov/MARC21/slim">
 <record>
  <leader>01042nmm a2200229 a 4500</leader>
  <controlfield tag="001">1/27770</controlfield>
  <controlfield tag="008">050831s2001    gw         m        eng  </controlfield>
  <datafield tag="020" ind1=" " ind2=" ">
   <subfield code="a">3540147632</subfield>
  </datafield>
  <datafield tag="035" ind1=" " ind2=" ">
   <subfield code="l">29634</subfield>
  </datafield>
  <datafield tag="082" ind1="1" ind2="0">
   <subfield code="a">CD-ROM 001.4 LOH</subfield>
  </datafield>
  <datafield tag="100" ind1="1" ind2=" ">
   <subfield code="a">Lohninger, Hans,</subfield>
   <subfield code="d">1957-</subfield>
  </datafield>
  <datafield tag="245" ind1="1" ind2="0">
   <subfield code="a">Teach/me data analysis</subfield>
   <subfield code="h">[electronic resource] /</subfield>
   <subfield code="c">H. Lohninger</subfield>
  </datafield>
  <datafield tag="246" ind1="3" ind2=" ">
   <subfield code="a">Teach me data analysis</subfield>
  </datafield>
  <datafield tag="250" ind1=" " ind2=" ">
   <subfield code="a">Intranet ed.</subfield>
  </datafield>
  <datafield tag="260" ind1=" " ind2=" ">
   <subfield code="a">Berlin :</subfield>
   <subfield code="b">Springer-Verlag,</subfield>
   <subfield code="c">2001</subfield>
  </datafield>
  <datafield tag="300" ind1=" " ind2=" ">
   <subfield code="a">1 CD-ROM ;</subfield>
   <subfield code="c">4 3/4 in.</subfield>
  </datafield>
  <datafield tag="538" ind1=" " ind2=" ">
   <subfield code="a">Απαιτήσεις συστήματος: IBM-PC or compatible with Pentium II processor or higher; 32MB RAM; Windows 98/NT/2000; CD-ROM drive; 16-bit color resolution or higher; modem or network connection</subfield>
  </datafield>
  <datafield tag="546" ind1=" " ind2=" ">
   <subfield code="a">English and German</subfield>
  </datafield>
  <datafield tag="520" ind1=" " ind2=" ">
   <subfield code="a">Multimedia software for teaching and learning statistics, with examples involving all fields of science</subfield>
  </datafield>
  <datafield tag="650" ind1=" " ind2="4">
   <subfield code="a">Statistics</subfield>
   <subfield code="x">Study and teaching.</subfield>
  </datafield>
  <datafield tag="852" ind1=" " ind2=" ">
   <subfield code="a">INST</subfield>
   <subfield code="b">UNIPILB</subfield>
   <subfield code="c">MMEDIA</subfield>
   <subfield code="e">20050831</subfield>
   <subfield code="h">CD-ROM 001.4 LOH 14</subfield>
   <subfield code="p">00149352</subfield>
   <subfield code="q">00149352</subfield>
   <subfield code="t">LOAN</subfield>
   <subfield code="y">0</subfield>
   <subfield code="4">1</subfield>
  </datafield>
  <datafield tag="856" ind1="4" ind2=" ">
   <subfield code="d">/webopac/covers/02/29634_3540147632.jpg</subfield>
  </datafield>
 </record>
</collection>
